000 00570nam a2200193Ia 4500
005 20250326144925.0
008 250326s9999 xx 000 0 und d
020 _a0-13-020457-9
037 _aTextbook
040 _aFMSL
_beng
_cFMSL
041 _aeng
_2eng
084 _aX:8D.1 P2
_qFMSL
100 _aClick R W
_9750325
245 0 _aInternational ficial management: theory and practice
_cClick R W; Coval J D
260 _aNew Jersey
_bNew Jersey, Prentice-Hall
_c2002
300 _axxii,438
942 _cTB
_hX:8D.1 P2
999 _c1305640
_d1305640